Color correction for Avid Xpress DV 3.5
Αποθηκεύτηκε σε:
| Συγγραφή απο Οργανισμό/Αρχή: | |
|---|---|
| Μορφή: | Βιβλίο |
| Γλώσσα: | English |
| Δημοσίευση: |
Tewksbury, MA :
Avid Technology,
2003
|
| Σειρά: | Avid educational series
|
| Θέματα: | |
| Ετικέτες: |
Προσθήκη ετικέτας
Δεν υπάρχουν, Καταχωρήστε ετικέτα πρώτοι!
|
MARC
| LEADER | 00000nam a2200000 i 4500 | ||
|---|---|---|---|
| 001 | 1/75664 | ||
| 008 | 050422s2003 eng d | ||
| 020 | |a 0-321-17000-8 | ||
| 035 | |l 10077764 | ||
| 040 | |a GR-MY-UA |b gre |e aacr | ||
| 041 | 0 | |a eng | |
| 082 | 0 | |a 778.593 |2 (21) | |
| 245 | 1 | 0 | |a Color correction for Avid Xpress DV 3.5 |
| 260 | |a Tewksbury, MA : |b Avid Technology, |c 2003 | ||
| 300 | |a xvi, 140 σ. με ποικίλη σελιδαρίθμηση; |b εικ.; |c 23εκ.+ |e 1 οπτικός δίσκος λέϊζερ Η/Υ (4 3/4 ιν.) | ||
| 490 | 1 | |a Avid educational series | |
| 504 | |a Περιέχει ευρετήριο | ||
| 650 | 0 | 0 | |a Digital video |x Editing |v Handbooks, manuals, etc. |
| 650 | 0 | 0 | |a Motion pictures |x Editing |x Data processing |x Handbooks, manuals, etc. |
| 650 | 0 | 0 | |a Color. |
| 710 | 1 | |a Avid Technology, Inc. | |
| 830 | 0 | |a Avid educational series | |
| 852 | |a INST |b LESVOS |e 20050422 |h 778.593 COL |p 005100029809 |q 005100029809 |t BK |y 0 | ||
| 852 | |a INST |b LESVOS |e 20050422 |h 778.593 COL |p 005100029808 |q 005100029808 |t BK |y 0 | ||
| 901 | |a BIBL1-2005-2 | ||
| 909 | |a Λ |b 113876 | ||
| 909 | |a Λ |b 113877 | ||
| 920 | |a ΔΙΕΥΡΥΝΣΗ |b ΕΠΕΑΕΚ-ΠΤΕ |y ΛΕΣΒΟΣ |z 2004-10 | ||
| 970 | |a ΜΑΡΙΝΑΤΟΥ |b ΜΥΡΣΙΝΗ |z 2005/04/22 | ||